Hồi ký Winston S.Churchill về chiến tranh thế giới

שמור ב:
מידע ביבליוגרפי
מחבר ראשי: Churchill, Winston S.
פורמט: ספר
שפה:Undetermined
יצא לאור: Hà Nội Văn hóa Thông tin 2002
נושאים:
תגים: הוספת תג
אין תגיות, היה/י הראשונ/ה לתייג את הרשומה!
Thư viện lưu trữ: Trung tâm Học liệu Trường Đại học Cần Thơ
LEADER 00635nam a2200193Ia 4500
001 CTU_53666
008 210402s9999 xx 000 0 und d
020 |c 85000 
082 |a 823 
082 |b C563/T.1 
100 |a Churchill, Winston S. 
245 0 |a Hồi ký Winston S.Churchill về chiến tranh thế giới 
245 0 |c Winston S. Churchill ; Hoàng Tuý (dịch)... [et al.] 
260 |a Hà Nội 
260 |b Văn hóa Thông tin 
260 |c 2002 
650 |a Historical fiction, England,English literature 
904 |i Qhieu sửa 
980 |a Trung tâm Học liệu Trường Đại học Cần Thơ